00355nam a2200121Ia 45000030006000000080041000060400015000471000034000622450076000962600032001725460012002040050017002160STCL150530s9999 xx 000 0 und d aSTCLcSTCL aReserve Bank of India; Mumbai aReport of the Committee on Technology upgradation in the Banking Sector bReserve Bank of Indiac1999 aEnglish20220125165725.0